000 00765nam a2200217 i 4500
001 98445
003 ES-MaACL
005 20251103114740.0
007 t|
008 050902s1914 sp ||||1| spa d
100 1 _aPaz y Meliá, A.,
_d1842-1927
_989789
245 1 0 _aCatálogo abreviado de papeles de Inquisición /
_cpor A. Paz y Melia.
260 _aMadrid :
_b[s.n.],
_c1914 (
_fTip. de la Rev. de Archivos, Bibliotecas y Museos)
300 _a287 p. ;
_c24 cm.
530 _aDisponible en formato digital.
650 4 _aLibros prohibidos-
_zEspaña.
_9145979
852 _aES-MaACL
_jC-15737(1)
_cFICH
856 4 _uhttp://bdh-rd.bne.es/viewer.vm?id=0000099713&page=1
_y(Biblioteca Digital Hispánica)
942 _2udc
999 _c98445
_d98445